000 00471nam a2200181Ia 4500
005 20240913125836.0
008 240913s9999||||xx |||||||||||||| ||und||
041 _aENGLISH
082 _A615.1 Q5
100 _aTripathi K D
245 0 _aEssentials of Medical Pharmacology
250 _a7th
260 _c2015
_bJaypee Brothers Medical Publishers (P
500 _aREFERENCE
650 _aForensic Science
_bAllied Health Science
942 _cREF
999 _c246385
_d246385